1239 1715 1564 1888 1217 1966 1212 1274 1812 1729 1476 1018 1779 1623 1419 1044 1720 1926 1685 1650 1505 1736 1047 1383 1896 1201 1823 1352 1967 1347 1887 1043 1151 1890 1782 1739 1154 1002 1485 1061 1498 1752 1482 1921 1078 1834 1660 1572 1846 1648 1001 1913 1862 1357 1301 1727 1681 1118 1582 1610 1306 1627 1321 1777 1660 1794 1811 1817 1622 1018 1592 1722 1224 1435 1879 1467 1489 1151 1292 1978 1353 1613 1478 1837 1603 1023 1601 1467 1585 1630 1948 1649 1190 1247 1729 1434 1996 1245 1476 BCNSPRNW ULIB Ver.6.0+V

เปลี่ยนเป็นภาษาไทย

Change to English
 แสดงรายละเอียดบรรณานุกรม
  กลับหน้าหลัก

Brief Record : Get Marc (ISO 2709) : E-mail record : QR code < ปิดหน้าต่าง
LEADER : 00000nam 2200000uu 4500
001    13399112621
003     ULIB
008    110829s2550||||th 000 0 tha d
020    9789748418155
050  4 HV1593^bส836ห 2550
100 0  สุภัทราพร ตันอธิคม
245 10 ไหม -- ผู้ไม่ยอมแพ้ในร่างพิการ /^cสุภัทราพร ตันอธิคม
246 30 ไหม...ผู้ไม่ยอมแพ้ในร่างพิการ
250    พิมพ์ครั้งที่ 1
260    กรุงเทพฯ :^bแสงแดดเพื่อนเด็ก,^c2550
300    256 หน้า :^bภาพประกอบ ;^c22 ซม.
600 07 สุภัทราพร ตันอธิคม
650  4 คนพิการ
945    ^p180^l0^i022210
995    ทศพร
999 ^a ทศพร
รายการนี้ยังไม่มีแท็ก
คุณยังไม่ได้ล็อกอิน คุณสามารถมีกิจกรรมร่วมกับเว็บไซต์ได้ แต่ต้องล็อกอินก่อน ::
  ล็อกอิน

รายการสื่อสารสนเทศ

ลำดับที่ ประเภท เลขเรียก/บาร์โค้ด สถานที่ สถานะ
- ไม่พบข้อมูล -

รายการใกล้เคียง
    หัวเรื่อง [คนพิการ]

BibComment


ยังไม่เคยถูกคอมเมนท์

คอมเมนท์ทรัพยากรรายการนี้
  คอมเมนท์: ไหม ผู้ไม่ยอมแพ้..


 Copyright 2026. Bcnsprnw @Library